Veer Savarkar / (Record no. 151877)

MARC details
000 -LEADER
fixed length control field 00560nam a22001937a 4500
005 - DATE AND TIME OF LATEST TRANSACTION
control field 20180504104724.0
010 ## - LCCN (DPL NO)
LC control number ENG-122881
020 ## - INTERNATIONAL STANDARD BOOK NUMBER
International Standard Book Number 9789385289224
Terms of availability 995.00
035 ## - SYSTEM CONTROL NUMBER
System control number EN-106413
037 ## - SOURCE OF ACQUISITION
Source of stock number/acquisition DBAD/PUB
082 ## - DEWEY DECIMAL CLASSIFICATION NUMBER
Classification number 921
100 ## - MAIN ENTRY--PERSONAL NAME
Personal name Krishna Kumari
245 ## - TITLE STATEMENT
Title Veer Savarkar /
Remainder of title by Krishna Kumari
260 ## - PUBLICATION, DISTRIBUTION, ETC. (IMPRINT)
Place of publication, distribution, etc New Delhi
Name of publisher, distributor, etc Solar Books
Date of publication, distribution, etc 2017
270 ## - ADDRESS
Address 4239A/1 Veer Sadan, Ansari Road, Darya Ganj,
City New Delhi
Postal code 110002
300 v# - PHYSICAL DESCRIPTION
Extent vii, 280p.
Dimensions 21cm(Hb)
Other physical details ill.
500 ## - GENERAL NOTE
General note It include index
942 ## - ADDED ENTRY ELEMENTS (KOHA)
Source of classification or shelving scheme Dewey Decimal Classification
Item type English Books
Call number suffix KRI
Classification part 921
Holdings
Withdrawn status Lost status Not for loan Collection code Home library Current library Date acquired Source of acquisition Cost, normal purchase price Full call number Barcode Copy number Cost, replacement price Koha item type
    Not For Loan Non-fiction D.B.Act.Division Patel Nagar 04/05/2018 DBAD/PUB 995.00 921 KRI EN-106413 1 995.00 English Books

© Delhi Public Library
Hit Counter
free hit counter